The geometry of iterated loop spaces

Saved in:
Bibliographic Details
Main Author: May, J. Peter
Format: Book
Language:English
Published: Berlin : Springer-Verlag, 1972 (1989 printing)
Series:Lecture notes in mathematics (Springer-Verlag) ; 271
Subjects:
Tags: Add Tag
No Tags, Be the first to tag this record!

MARC

LEADER 00000nam a2200000 i 4500
001 1/58584
008 941103s1989 eng d
020 |a 3-540-05904-0 
035 |a 1993  |l 10045935 
040 |a GR-MY-UA  |b gre  |e aacr 
041 0 |a eng 
082 0 |a 514.2 
100 1 |a May, J. Peter. 
245 1 4 |a The geometry of iterated loop spaces /  |c J.P. May 
260 |a Berlin :   |b Springer-Verlag,   |c 1972 (1989 printing) 
300 |a vii, 175 p.;  |c 24 cm. 
490 1 |a Lecture notes in mathematics (Springer-Verlag)  |v ; 271 
500 |a Includes bibliography 
650 0 0 |a Loop spaces. 
830 0 |a Lecture notes in mathematics (Springer-Verlag)  |v ; 271 
852 |a INST  |b SAMOS  |e 19941103  |h 514.2 MAY  |p 005300004190  |q 005300004190  |t BK  |y 0 
909 |a Σ  |b 028814